000 00365nam a2200133 a 4500
001 000034506
005 20200930073734.0
008 111005s1981 a 000 0 spa d
020 _a9232019043
040 _aDO-SdBNP
_bspa
_cBNPHU
245 0 0 _aDans l´architecture et la sculpture slaves.
260 _aParis :
_bUnesco,
_c1981.
300 _a298 p. :
_bils. ;
_c27 cm.
999 _c33997
_d33997